000 00666nam a2200241Ia 4500
005 20260121112945.0
008 10148 260114s9999 xx 000 0 eng d
020 _a9789812795847
037 _aEBOOK
040 _aCRL
_beng
_cCRL
041 _aeng
_2eng
084 _qCRL
100 _aFukui Kenichi Et Al
_9965918
245 0 _aFrontier Orbitals and Reaction Paths: Selected Papers of Kenichi Fukui
260 _bWorld Scientific
260 _bWSPC
260 _c1997
650 _aChemistry
_9965919
856 _uhttps://www.worldscientific.com/worldscibooks/10.1142/2731#t=toc
942 _cEBOOK
999 _c1547448
_d1547448